LEADER 01044nam a2200253 i 4500 001 000000062000 003 CaOOAMICUS 005 20100607000000.0 008 100607s1970 it u000 u ita u 013 $a33172 040 $aSeMil$bita 100 1 $aChomsky, Noam <1928- >.$0(OLS)http://semarc/name/6379 240 10$aSyntactic structures.$0(OLS)http://semarc/title/97553 245 13$aLe strutture della sintassi /$cNoam Chomsky ; introduzione di Francesco Antinucci. 260 $aBari :$bLaterza,$c1970. 300 $aXXXI, 215 p. ;$c19 cm. 490 0 $aUniversale Laterza ;$v129 650 4$aLinguistica.$0(OLS)http://semarc/subject/2222 700 1 $aAntinucci, Francesco.$0(OLS)http://semarc/name/31482 830 0$aUniversale Laterza ;$v129.$0(OLS)http://semarc/title/6923 850 $aSeMil 852 $aSeMil$W1$xVenegono$y1$m2O I 286$j28153$B28153$CSeMilBibl$Z2$F28156 $81 996 $6245$aLe strutture della sintassi$9(OLS)http://semarc/title/97552 996 $6260$aBari :$bLaterza$9(OLS)http://semarc/publisher/29858 LEADER 01112nam a2200265 i 4500 001 000000069500 003 CaOOAMICUS 005 20101204000000.0 008 101204s1990 it u000 u ita u 013 $a40672 040 $aSeMil$bita 100 1 $aDella Torre, Luigi,$d<1927-1996>.$0(OLS)http://semarc/name/10 245 13$aIl Matrimonio :$bguida per la catechesi e la celebrazione /$cLuigi Della Torre. 260 $aMilano :$bO.R.,$c1990. 300 $a136 p. ;$c19 cm. 490 0 $aLiturgia e catechesi ;$v7 500 $aContiene : Vocabolario. 650 4$aMatrimonio (Sacramento) - Rito liturgico.$0(OLS)http://semarc/subject/5383 650 4$aMatrimonio - Catechesi.$0(OLS)http://semarc/subject/8748 830 0$aLiturgia e catechesi ;$v7.$0(OLS)http://semarc/title/585 850 $aSeMil 852 $aSeMil$W1$xVenegono$y1$m3K II 279$j35653$B35653$CSeMilBibl$Z2$F35656 $81 961 $aAcquisto: Casa editrice 996 $6245$aIl Matrimonio :$bguida per la catechesi e la celebrazione$9(OLS)http://semarc/title/111285 996 $6260$aMilano :$bO.R.$9(OLS)http://semarc/publisher/29789